[Event "Malgrat del Mar op"]
[Site "Malgrat del Mar"]
[Date "1998.??.??"]
[Round "?"]
[White "Ruiz Gonzalez, Guillermo"]
[Black "Barreras, Alberto"]
[Result "1-0"]
[WhiteElo "2310"]
[BlackElo "2335"]
[PlyCount "123"]
[EventDate "1998.??.??"]
[EventType "swiss"]
[EventRounds "9"]
[EventCountry "ESP"]
[SourceTitle "EXT 2003"]
[Source "ChessBase"]
[SourceDate "2002.11.25"]
[SourceVersion "1"]
[SourceVersionDate "2002.11.25"]
[SourceQuality "1"]

1. d4 d5 2. Nf3 Nf6 3. c4 c6 4. Nc3 Bg4 5. Nd2 e6 6. g3 dxc4 7. Nxc4 Nbd7 8. Bg2 h6 9. Qb3 Qc8 10. e4 Be7 11. Bf4 0-0 12. h3 Bh5 13. 0-0 Re8 14. Rfe1 Bg6 15. Rac1 Bf8 16. Nb5 e5 17. Nxe5 Nxe5 18. Bxe5 Nd7 19. Bf4 Nf6 20. Nc7 Qd7 21. Nxa8 Rxa8 22. d5 Rc8 23. dxc6 bxc6 24. Red1 Qe8 25. g4 Nd7 26. Qb7 Nc5 27. Qxa7 Ra8 28. Qb6 Ra6 29. Qd8 Qxd8 30. Rxd8 Ne6 31. Rxf8+ Kxf8 32. Bd6+ Ke8 33. a3 f6 34. f4 c5 35. Bxc5 Nxf4 36. Rc4 Bf7 37. Rb4 Rc6 38. Rb8+ Kd7 39. b4 Kc7 40. Ra8 Kd7 41. Ra7+ Rc7 42. Rxc7+ Kxc7 43. Bf1 Bg6 44. Be3 Ne6 45. Bg2 Ng5 46. Bxg5 hxg5 47. Kf2 Be8 48. Ke3 Kb6 49. Bf1 Bd7 50. Kd4 Ba4 51. e5 Kc7 52. exf6 gxf6 53. Kc5 Bc2 54. Kb5 Be4 55. a4 Kb7 56. Kc5 Kc7 57. a5 Bf3 58. b5 Be4 59. b6+ Kb7 60. a6+ Kb8 61. a7+ Kb7 62. Bc4 1-0

[Event "Sant Cebria op"]
[Site "Sant Cebria"]
[Date "1998.??.??"]
[Round "?"]
[White "Vicente Haro, Gabriel Maro"]
[Black "Ruiz Gonzalez, Guillermo"]
[Result "1-0"]
[WhiteElo "2090"]
[BlackElo "2310"]
[PlyCount "69"]
[EventDate "1998.??.??"]
[EventType "swiss"]
[EventRounds "9"]
[EventCountry "ESP"]
[SourceTitle "EXT 2003"]
[Source "ChessBase"]
[SourceDate "2002.11.25"]
[SourceVersion "1"]
[SourceVersionDate "2002.11.25"]
[SourceQuality "1"]

1. e4 e6 2. d4 b6 3. Nf3 Bb7 4. Bd3 d6 5. 0-0 g6 6. d5 e5 7. Be3 Bg7 8. Qd2 Ne7 9. Bh6 0-0 10. c4 Nd7 11. Nc3 a6 12. Rac1 Nf6 13. Bxg7 Kxg7 14. Ng5 h6 15. Nh3 Bc8 16. Qe3 Bg4 17. f4 Neg8 18. fxe5 dxe5 19. Be2 Qd6 20. Nf2 Bd7 21. Nd3 c5 22. Qg3 Rae8 23. a4 Nh7 24. b3 Ngf6 25. Rce1 Re7 26. Qe3 Ng5 27. a5 bxa5 28. Nxc5 Qb6 29. Bd1 Kh7 30. h4 Nfxe4 31. N5xe4 Qxe3+ 32. Rxe3 Nxe4 33. Nxe4 f5 34. Nc5 Bc8 35. d6 1-0

[Event "Lloret del Mar op"]
[Site "Lloret del Mar"]
[Date "1997.??.??"]
[Round "?"]
[White "Ruiz Gonzalez, Guillermo"]
[Black "Garriga Sole, Jordi"]
[Result "1/2-1/2"]
[WhiteElo "2320"]
[BlackElo "2225"]
[PlyCount "37"]
[EventDate "1997.??.??"]
[EventType "swiss"]
[EventRounds "9"]
[EventCountry "ESP"]
[SourceTitle "EXT 2003"]
[Source "ChessBase"]
[SourceDate "2002.11.25"]
[SourceVersion "1"]
[SourceVersionDate "2002.11.25"]
[SourceQuality "1"]

1. e4 e5 2. Nf3 Nc6 3. d4 exd4 4. Nxd4 Bc5 5. Nxc6 Qf6 6. Qd2 Qxc6 7. Bd3 Nf6 8. Nc3 0-0 9. 0-0 Bb4 10. Qf4 Bxc3 11. bxc3 d5 12. e5 Ne4 13. Ba3 Re8 14. c4 f5 15. exf6 Nxf6 16. cxd5 Nxd5 17. Qh4 Nf6 18. Bb2 h6 19. Rfe1 1/2-1/2

[Event "Magno Mercenarios 9th"]
[Site "Mexico City"]
[Date "1996.??.??"]
[Round "?"]
[White "Ruiz Gonzalez, Guillermo"]
[Black "Martin Del Campo C, Jorge Arturo"]
[Result "1-0"]
[WhiteElo "2320"]
[BlackElo "2285"]
[PlyCount "61"]
[EventDate "1996.??.??"]
[EventType "tourn"]
[EventRounds "11"]
[EventCountry "MEX"]
[EventCategory "6"]
[SourceTitle "EXT 2002"]
[Source "ChessBase"]
[SourceDate "2001.11.25"]
[SourceVersion "1"]
[SourceVersionDate "2001.11.25"]
[SourceQuality "1"]

1. e4 c5 2. Nf3 d6 3. d4 cxd4 4. Nxd4 Nf6 5. Nc3 Nc6 6. Bg5 e6 7. Qd2 a6 8. 0-0-0 h6 9. Bf4 Bd7 10. Nxc6 Bxc6 11. f3 d5 12. e5 Nd7 13. Ne2 Bc5 14. Be3 Qc7 15. f4 0-0-0 16. Nd4 Kb8 17. h4 Rc8 18. Rh3 Bb6 19. Kb1 Nc5 20. Qb4 Bd7 21. h5 Ne4 22. Bd3 Ka8 23. Nxe6 Bxe6 24. Bxb6 Qd7 25. Bxe4 Bxh3 26. gxh3 Qxh3 27. Bxd5 Qd7 28. Bf3 Qf5 29. Bc5 Rc7 30. Qb6 Rxc5 31. Qxb7# 1-0